[Event "American Cup Elim w"]
[Site "Saint Louis USA"]
[Date "2022.04.22"]
[Round "1.1"]
[White "Nemcova, Katerina"]
[Black "Yan, Ruiyang"]
[Result "0-1"]
[WhiteTitle "WGM"]
[BlackTitle "FM"]
[WhiteElo "2335"]
[BlackElo "2283"]
[WhiteFideId "322750"]
[BlackFideId "30919860"]
[EventDate "2022.04.22"]
[EventType "k.o."]

1. e4 c5 2. Nf3 d6 3. Bb5+ Nd7 4. a4 a6 5. Be2 Ngf6 6. Nc3 e6 7. O-O Be7 8. d4
cxd4 9. Qxd4 O-O 10. Rd1 Qc7 11. Qc4 Qb8 12. a5 b5 13. axb6 Nxb6 14. Qb3 Qc7 15.
Be3 Rb8 16. Qa2 Nbd7 17. Nd4 Nc5 18. f3 Bb7 19. Rd2 Rfc8 20. Rad1 Bf8 21. Bf2
Ncd7 22. Nb3 d5 23. exd5 Nxd5 24. Nxd5 Bxd5 25. Bg3 Bd6 26. Bxd6 Qxd6 27. Qxa6
Qe5 28. c4 Bb7 29. Qd6 Qe3+ 30. Kf1 Nf8 31. Rd3 Qg5 32. R3d2 Bxf3 33. Bxf3 Rxb3
34. Qd4 Rb4 35. Rc2 e5 36. Qd3 Qf4 37. g3 Qf6 38. Rdc1 Rcb8 39. Qe2 Ne6 40. Qe3
Rb3 41. Rc3 Rxb2 42. c5 Rb1 43. c6 e4 44. c7 Nxc7 45. Rxc7 Rxc1+ 46. Rxc1 exf3
47. Rc3 Rb1+ 48. Kf2 Rb2+ 49. Kf1 Qa6+ 50. Rd3 Qa1+ 0-1

[Event "American Cup Elim w"]
[Site "Saint Louis USA"]
[Date "2022.04.22"]
[Round "1.2"]
[White "Zatonskih, Anna"]
[Black "Tsolakidou, Stavroula"]
[Result "0-1"]
[WhiteTitle "IM"]
[BlackTitle "IM"]
[WhiteElo "2393"]
[BlackElo "2359"]
[WhiteFideId "14101572"]
[BlackFideId "4264312"]
[EventDate "2022.04.22"]
[EventType "k.o."]

1. d4 Nf6 2. c4 e6 3. Nc3 Bb4 4. e3 O-O 5. Bd2 b6 6. Nf3 Bb7 7. Bd3 d6 8. O-O
Nbd7 9. a3 Bxc3 10. Bxc3 Ne4 11. Be1 f5 12. Nd2 Qe7 13. Qc2 Nef6 14. e4 f4 15.
f3 c5 16. Bf2 Rac8 17. Rfe1 cxd4 18. Bxd4 e5 19. Bf2 g5 20. Be2 Rf7 21. a4 Rg7
22. a5 g4 23. Bh4 Qe8 24. axb6 axb6 25. Ra7 Rb8 26. Qd3 Qe6 27. b4 g3 28. h3 Ne8
29. c5 bxc5 30. Bd1 Kf8 31. Bb3 Qh6 32. Bd8 Bc6 33. Ba5 cxb4 34. Qc4 Bb5 35. Qd5
Qf6 36. Rc1 Nc5 37. Rxg7 Qxg7 38. Bxb4 Bc6 39. Qc4 Rxb4 40. Qxb4 Nd3 41. Qc4
Qa7+ 42. Kh1 Nf2+ 43. Kg1 Nxh3+ 0-1

[Event "American Cup Elim w"]
[Site "Saint Louis USA"]
[Date "2022.04.22"]
[Round "1.2"]
[White "Yan, Ruiyang"]
[Black "Nemcova, Katerina"]
[Result "0-1"]
[WhiteTitle "FM"]
[BlackTitle "WGM"]
[WhiteElo "2283"]
[BlackElo "2335"]
[WhiteFideId "30919860"]
[BlackFideId "322750"]
[EventDate "2022.04.22"]
[EventType "k.o."]

1. e4 e5 2. Nf3 Nc6 3. Bb5 a6 4. Ba4 Nf6 5. d3 d6 6. c3 g6 7. O-O Bg7 8. Re1 O-O
9. h3 Bd7 10. Nbd2 Qe8 11. Nf1 Nh5 12. Bb3 Kh8 13. N1h2 f5 14. exf5 gxf5 15. d4
e4 16. d5 Ne5 17. Nd4 Bf6 18. Bc2 Rg8 19. f4 Qg6 20. Re2 Nf7 21. Nf1 Rg7 22. Be3
Rag8 23. Qd2 Qh6 24. Bb3 Bxd4 25. cxd4 Ng3 26. Nxg3 Rxg3 27. Kh1 Bb5 28. Rf2 Qh4
29. Rc1 Nh6 30. a4 Bd3 31. Bd1 Rxh3+ 32. gxh3 Qxh3+ 33. Rh2 Qf1+ 0-1

[Event "American Cup Elim w"]
[Site "Saint Louis USA"]
[Date "2022.04.22"]
[Round "1.2"]
[White "Tsolakidou, Stavroula"]
[Black "Zatonskih, Anna"]
[Result "0-1"]
[WhiteTitle "IM"]
[BlackTitle "IM"]
[WhiteElo "2359"]
[BlackElo "2393"]
[WhiteFideId "4264312"]
[BlackFideId "14101572"]
[EventDate "2022.04.22"]
[EventType "k.o."]

1. d4 Nf6 2. c4 e6 3. g3 d5 4. Bg2 Bb4+ 5. Nc3 O-O 6. Nf3 dxc4 7. O-O a5 8. Ne5
Nd5 9. Qc2 Nb6 10. a3 Be7 11. Ne4 Qxd4 12. Bf4 Qd8 13. Rfd1 Qe8 14. Nxc4 Nd5 15.
Ng5 g6 16. Bc1 b5 17. Ne3 c6 18. h4 Na6 19. Ng4 f6 20. e4 Nb6 21. Nf3 e5 22.
Qb3+ Kh8 23. Nh6 Nc5 24. Qe3 Nc4 25. Qc3 a4 26. Bf1 Be6 27. Bxc4 Bxc4 28. Nd2
Be6 29. Qe3 Rd8 30. Rf1 Rd3 31. Qe2 Qd7 32. Nf3 Nb3 33. Be3 Nxa1 34. Rxa1 Rd8
35. Kh2 Rd1 36. Rc1 Rxc1 37. Bxc1 Qd3 0-1

[Event "American Cup Elim w"]
[Site "Saint Louis USA"]
[Date "2022.04.22"]
[Round "1.3"]
[White "Yan, Ruiyang"]
[Black "Nemcova, Katerina"]
[Result "1-0"]
[WhiteTitle "FM"]
[BlackTitle "WGM"]
[WhiteElo "2283"]
[BlackElo "2335"]
[WhiteFideId "30919860"]
[BlackFideId "322750"]
[EventDate "2022.04.22"]
[EventType "k.o."]

1. e4 e5 2. Nf3 Nc6 3. Bb5 a6 4. Ba4 Nf6 5. d3 d6 6. c3 g6 7. O-O Bg7 8. Re1 O-O
9. h3 Nd7 10. Nbd2 Nc5 11. Bc2 Ne6 12. Nf1 Qf6 13. N1h2 Nf4 14. d4 h5 15. Bxf4
Qxf4 16. g3 Qf6 17. d5 Ne7 18. h4 Bh6 19. c4 a5 20. Bd3 Bd7 21. b3 Nc8 22. Nd2
Kg7 23. Ndf1 Nb6 24. Ne3 Bc8 25. Bf1 Bd7 26. Rc1 Kh7 27. Bd3 Rg8 28. Rc2 Rg7 29.
Nf3 Bc8 30. c5 Nd7 31. cxd6 cxd6 32. Kg2 Nc5 33. a3 Bd7 34. b4 axb4 35. axb4
Nxd3 36. Qxd3 Rc8 37. Rxc8 Bxc8 38. Nc4 Rg8 39. Nb6 Qe7 40. Re2 Bg4 41. Rc2 g5
42. hxg5 Bxg5 43. Nxg5+ Rxg5 44. f3 h4 45. fxg4 Rxg4 46. Qf1 Rxg3+ 47. Kh2 Rg6
48. Qf5 Kh6 49. Nc8 1-0

[Event "American Cup Elim w"]
[Site "Saint Louis USA"]
[Date "2022.04.22"]
[Round "1.3"]
[White "Tsolakidou, Stavroula"]
[Black "Zatonskih, Anna"]
[Result "1-0"]
[WhiteTitle "IM"]
[BlackTitle "IM"]
[WhiteElo "2359"]
[BlackElo "2393"]
[WhiteFideId "4264312"]
[BlackFideId "14101572"]
[EventDate "2022.04.22"]
[EventType "k.o."]

1. d4 Nf6 2. c4 e6 3. g3 d5 4. Bg2 Bb4+ 5. Nc3 O-O 6. Nf3 dxc4 7. O-O Nc6 8. a3
Bxc3 9. bxc3 Na5 10. Bg5 h6 11. Bh4 c5 12. e4 e5 13. Qc2 Qc7 14. Bxf6 gxf6 15.
d5 b5 16. Nh4 Nb7 17. Qe2 Nd6 18. Qh5 Kh7 19. f4 Qe7 20. Rf2 Rg8 21. Qe2 a5 22.
Qd2 exf4 23. Rxf4 f5 24. exf5 Qf6 25. Re1 b4 26. axb4 axb4 27. cxb4 c3 28. Qc2
c4 29. Re6 Ra1+ 30. Bf1 fxe6 1-0

[Event "American Cup Elim w"]
[Site "Saint Louis USA"]
[Date "2022.04.22"]
[Round "1.4"]
[White "Nemcova, Katerina"]
[Black "Yan, Ruiyang"]
[Result "1-0"]
[WhiteTitle "WGM"]
[BlackTitle "FM"]
[WhiteElo "2335"]
[BlackElo "2283"]
[WhiteFideId "322750"]
[BlackFideId "30919860"]
[EventDate "2022.04.22"]
[EventType "k.o."]

1. c4 Nf6 2. Nc3 e6 3. e4 d5 4. e5 d4 5. exf6 dxc3 6. bxc3 Qxf6 7. Nf3 b6 8. d4
Bb7 9. Bg5 Qf5 10. d5 Qe4+ 11. Be3 exd5 12. Bd3 Qe6 13. O-O Be7 14. Re1 Qd7 15.
Qc2 h6 16. Ne5 Qd6 17. Bf4 Qf6 18. Bf5 Kf8 19. Ng4 Qc6 20. cxd5 Qc5 21. c4 Na6
22. Ne5 Rd8 23. Nxf7 Nb4 24. Qe2 Kxf7 25. Qe6+ Kf8 26. Bg6 1-0

[Event "American Cup Elim w"]
[Site "Saint Louis USA"]
[Date "2022.04.22"]
[Round "1.4"]
[White "Zatonskih, Anna"]
[Black "Tsolakidou, Stavroula"]
[Result "1/2-1/2"]
[WhiteTitle "IM"]
[BlackTitle "IM"]
[WhiteElo "2393"]
[BlackElo "2359"]
[WhiteFideId "14101572"]
[BlackFideId "4264312"]
[EventDate "2022.04.22"]
[EventType "k.o."]

1. d4 Nf6 2. c4 e6 3. Nc3 Bb4 4. e3 O-O 5. Bd2 c5 6. a3 Bxc3 7. Bxc3 Ne4 8. Ne2
d6 9. Qc2 f5 10. g3 Nd7 11. Bg2 Nxc3 12. Nxc3 Qe7 13. O-O Rb8 14. Rad1 a6 15.
Rd2 b5 16. dxc5 dxc5 17. Rfd1 Ne5 18. cxb5 axb5 19. a4 b4 20. Nb5 Bb7 21. Nd6
Bxg2 22. Kxg2 Qc7 23. f3 Qc6 24. e4 c4 25. Rd4 c3 26. bxc3 bxc3 27. Nb5 fxe4 28.
Qxe4 Qxe4 29. fxe4 Rfc8 30. Rc1 c2 31. Kf2 Ra8 32. Ke2 Rc4 33. Rxc4 Nxc4 34. Nc3
Nb6 35. Rxc2 Nxa4 36. Nb5 Rb8 37. Nd4 Kf7 38. Rc4 Nb6 39. Rc7+ Kf6 40. Rc6 Nd7
41. Rxe6+ Kf7 42. Rc6 Ne5 43. Rc2 Rb4 44. Ke3 Ng4+ 45. Kd3 Ne5+ 46. Ke3 Ng4+ 47.
Kf4 Rxd4 48. Rc7+ Kf8 49. Kxg4 Rxe4+ 50. Kf3 Re7 51. Rc8+ Kf7 52. Rc4 Re6 53.
Rc7+ Re7 54. Rc8 Re8 55. Rc7+ Re7 56. Rc8 Re8 57. Rc7+ Re7 58. Rc8 1/2-1/2

[Event "American Cup Elim w"]
[Site "Saint Louis USA"]
[Date "2022.04.22"]
[Round "1.5"]
[White "Yan, Ruiyang"]
[Black "Nemcova, Katerina"]
[Result "0-1"]
[WhiteTitle "FM"]
[BlackTitle "WGM"]
[WhiteElo "2283"]
[BlackElo "2335"]
[WhiteFideId "30919860"]
[BlackFideId "322750"]
[EventDate "2022.04.22"]
[EventType "k.o."]

1. e4 e5 2. Nf3 Nc6 3. Bb5 a6 4. Ba4 Nf6 5. O-O b5 6. Bb3 Be7 7. d3 O-O 8. Nc3
d6 9. a3 Bg4 10. Be3 Nd4 11. Bxd4 exd4 12. Nd5 c5 13. h3 Bh5 14. Nxf6+ Bxf6 15.
g4 Bg6 16. Bd5 Ra7 17. Kg2 Kh8 18. Nd2 Be7 19. f4 f6 20. f5 Bf7 21. Qf3 Rc7 22.
b3 Qd7 23. a4 Bd8 24. axb5 axb5 25. Rfe1 Ra7 26. Be6 Bxe6 27. fxe6 Qe7 28. Rxa7
Qxa7 29. Nf1 Qe7 30. Qf5 Re8 31. Ra1 Qxe6 32. Qxe6 Rxe6 33. Ra8 Re8 34. Ng3 g6
35. e5 dxe5 36. Ne4 Kg7 37. Nxc5 Kf7 38. Rb8 b4 39. Rxb4 Be7 40. Rc4 Ra8 41. Na4
f5 42. gxf5 gxf5 43. Kf3 h5 44. Rc7 h4 45. Rb7 Rg8 46. Nb6 Rg3+ 47. Kf2 Ke6 48.
Nc8 Bg5 49. Rh7 Be3+ 50. Ke2 Rxh3 51. Nb6 Rh2+ 52. Kd1 h3 53. Nc4 Rh1+ 54. Ke2
h2 55. Nxe3 dxe3 56. b4 Rc1 57. Rh6+ Kd7 58. Rh7+ Ke8 59. Rh8+ Kf7 60. Rxh2
Rxc2+ 61. Kxe3 Rxh2 62. b5 Rb2 63. d4 Rxb5 64. dxe5 Rxe5+ 65. Kf4 Kf6 66. Kf3
Re4 67. Kf2 Kg5 68. Kf3 Ra4 69. Kf2 Kf4 70. Ke2 Ra3 71. Kf1 Ra2 72. Ke1 Kf3 73.
Kd1 Ke3 74. Kc1 Kd3 75. Kb1 Rh2 76. Kc1 f4 77. Kb1 Kc3 78. Ka1 Kb3 79. Kb1 Rh1# 0-1

[Event "American Cup Elim w"]
[Site "Saint Louis USA"]
[Date "2022.04.24"]
[Round "2.1"]
[White "Nemcova, Katerina"]
[Black "Abrahamyan, Tatev"]
[Result "0-1"]
[WhiteTitle "WGM"]
[BlackTitle "WGM"]
[WhiteElo "2335"]
[BlackElo "2311"]
[WhiteFideId "322750"]
[BlackFideId "13301918"]
[EventDate "2022.04.22"]
[EventType "k.o."]

1. d4 Nf6 2. Nf3 e6 3. e3 c5 4. Bd3 b6 5. O-O Bb7 6. b3 Be7 7. Bb2 O-O 8. Nbd2
Nc6 9. a3 Rc8 10. c4 d5 11. Rc1 cxd4 12. exd4 Re8 13. Re1 Bf8 14. c5 bxc5 15.
dxc5 Nd7 16. b4 a6 17. Nb3 e5 18. Bf5 d4 19. Nbd2 g6 20. Bb1 Qc7 21. Ba2 Nf6 22.
Ng5 Nd8 23. Nde4 Nxe4 24. Nxe4 Bxe4 25. Rxe4 Qc6 26. Qe2 Ne6 27. Re1 Bg7 28. h4
Red8 29. Bc4 Ra8 30. g3 Ra7 31. Qd3 Nc7 32. Qf3 Nd5 33. Qd3 a5 34. f4 axb4 35.
fxe5 bxa3 36. Bxd4 Nc7 37. e6 Nxe6 38. Rxe6 Bxd4+ 39. Qxd4 Rxd4 40. Rxc6 Rxc4
41. Rc8+ Kg7 42. c6 a2 43. Ra1 Rb4 44. c7 Rb1+ 45. Kf2 Rxc7 46. Rxc7 Rxa1 47.
Ra7 Rh1 0-1

[Event "American Cup Elim w"]
[Site "Saint Louis USA"]
[Date "2022.04.24"]
[Round "2.1"]
[White "Tsolakidou, Stavroula"]
[Black "Tokhirjonova, Gulrukhbegim"]
[Result "0-1"]
[WhiteTitle "IM"]
[BlackTitle "WGM"]
[WhiteElo "2359"]
[BlackElo "2335"]
[WhiteFideId "4264312"]
[BlackFideId "14203626"]
[EventDate "2022.04.22"]
[EventType "k.o."]

1. d4 Nf6 2. c4 e6 3. Nc3 Bb4 4. f3 d5 5. a3 Bxc3+ 6. bxc3 c5 7. cxd5 exd5 8. e3
O-O 9. Bd3 Nc6 10. Ne2 Re8 11. O-O a6 12. Ra2 b5 13. g4 Be6 14. Nf4 Qa5 15. Bd2
Qb6 16. Qe1 Nd7 17. Kh1 Nf8 18. Qb1 Rab8 19. Be1 a5 20. Nxe6 fxe6 21. Bg3 Rb7
22. Bd6 c4 23. Bxf8 cxd3 24. Bc5 Qc7 25. Qxd3 Ne5 26. dxe5 Qxc5 27. Rb1 Rc8 28.
Rc2 b4 29. axb4 axb4 30. Rcb2 Qxc3 31. Qxc3 Rxc3 32. Rxb4 Rxb4 33. Rxb4 Rxe3 34.
Rb8+ Kf7 35. Rb7+ Kg6 36. f4 Re4 37. Re7 Rxf4 38. Rxe6+ Kg5 39. Rd6 d4 40. h3
Re4 41. Kg2 Kf4 42. e6 Ke3 43. Rd7 d3 44. Rxg7 d2 45. Rd7 Ke2 46. g5 d1=Q 47.
Rxd1 Kxd1 48. Kf3 Rxe6 49. h4 Kd2 50. Kf4 Kd3 51. Kf5 Re4 52. h5 Rh4 53. h6 Kd4
54. Kf6 Rh5 55. Kg7 Rxg5+ 56. Kxh7 Ke5 57. Kh8 Kf6 58. h7 Kg6 59. Kg8 Kh6+ 0-1

[Event "American Cup Elim w"]
[Site "Saint Louis USA"]
[Date "2022.04.24"]
[Round "2.2"]
[White "Abrahamyan, Tatev"]
[Black "Nemcova, Katerina"]
[Result "1-0"]
[WhiteTitle "WGM"]
[BlackTitle "WGM"]
[WhiteElo "2311"]
[BlackElo "2335"]
[WhiteFideId "13301918"]
[BlackFideId "322750"]
[EventDate "2022.04.22"]
[EventType "k.o."]

1. e4 c5 2. Nf3 Nc6 3. Nc3 g6 4. d4 cxd4 5. Nxd4 Bg7 6. Be3 Nf6 7. Bc4 O-O 8.
Bb3 Re8 9. Nxc6 dxc6 10. Qxd8 Rxd8 11. f3 b6 12. Kf2 Ba6 13. Rhd1 Kf8 14. a4 Nd7
15. a5 Ke8 16. axb6 axb6 17. Rd2 Bxc3 18. bxc3 c5 19. Bd5 Bb7 20. Rad1 Bxd5 21.
Rxd5 Ne5 22. Rxd8+ Rxd8 23. Rxd8+ Kxd8 24. Ke2 Kd7 25. f4 Nc4 26. Bf2 Kc6 27.
Bh4 f6 28. g4 h6 29. Kd3 Nb2+ 30. Ke2 Kb5 31. e5 fxe5 32. f5 g5 33. Bg3 Nc4 34.
Kd3 Nb2+ 35. Ke2 e4 36. Bd6 Na4 37. Bxe7 Nxc3+ 38. Kd2 Nd5 39. f6 Nxf6 40. Bxf6
Kc4 41. Bg7 1-0

[Event "American Cup Elim w"]
[Site "Saint Louis USA"]
[Date "2022.04.24"]
[Round "2.2"]
[White "Tokhirjonova, Gulrukhbegim"]
[Black "Tsolakidou, Stavroula"]
[Result "1-0"]
[WhiteTitle "WGM"]
[BlackTitle "IM"]
[WhiteElo "2335"]
[BlackElo "2359"]
[WhiteFideId "14203626"]
[BlackFideId "4264312"]
[EventDate "2022.04.22"]
[EventType "k.o."]

1. d4 Nf6 2. c4 e6 3. Nc3 Bb4 4. e3 c5 5. Bd3 Nc6 6. Ne2 d5 7. cxd5 Qxd5 8. O-O
Qd7 9. a3 cxd4 10. axb4 dxc3 11. bxc3 O-O 12. Nd4 e5 13. Bf5 Qc7 14. Nb5 Qb6 15.
Nd6 Bxf5 16. Nxf5 g6 17. Ng3 e4 18. Qd6 Qd8 19. Qf4 Re8 20. b5 Ne5 21. Nxe4 Nd5
22. Qg3 Nd3 23. c4 Rxe4 24. cxd5 Qxd5 25. Rxa7 Rxa7 26. Qb8+ Kg7 27. Qxa7 Qxb5
28. Bd2 Rc4 29. Qa1+ f6 30. Bc3 Qc6 31. Bd4 b5 32. Qa7+ Kh6 33. h4 Rc1 34. Rxc1
Nxc1 35. Qf7 Ne2+ 36. Kf1 Nxd4 37. exd4 b4 38. Qf8+ Kh5 39. Qxb4 Qa6+ 40. Ke1
Kxh4 41. d5+ Kg5 42. d6 Qa1+ 43. Ke2 Qe5+ 44. Kd3 Qd5+ 45. Qd4 Qb3+ 46. Ke2 Qb5+
47. Qd3 Qd7 48. Qe3+ 1-0

[Event "American Cup Elim w"]
[Site "Saint Louis USA"]
[Date "2022.04.25"]
[Round "3.1"]
[White "Abrahamyan, Tatev"]
[Black "Tokhirjonova, Gulrukhbegim"]
[Result "1-0"]
[WhiteTitle "WGM"]
[BlackTitle "WGM"]
[WhiteElo "2311"]
[BlackElo "2335"]
[WhiteFideId "13301918"]
[BlackFideId "14203626"]
[EventDate "2022.04.22"]
[EventType "k.o."]

1. e4 e5 2. Nf3 Nc6 3. Bc4 Nf6 4. d3 h6 5. c3 Bc5 6. b4 Bb6 7. a4 a6 8. a5 Ba7
9. O-O O-O 10. Nbd2 d5 11. exd5 Nxd5 12. Bb2 Nf4 13. Ne4 Bg4 14. h3 Bh5 15. Re1
Re8 16. Bc1 g5 17. Be3 Kg7 18. Ng3 Bg6 19. d4 exd4 20. cxd4 Nd5 21. b5 axb5 22.
Bxb5 Nxe3 23. fxe3 Qd6 24. Nf1 f6 25. Qd2 Re7 26. Rec1 Nb4 27. Rab1 Nd5 28. Rb3
c6 29. Bd3 Bf7 30. Rcb1 Rb8 31. Qf2 Bg6 32. Bxg6 Kxg6 33. Ng3 Qe6 34. Qc2+ f5
35. Ne5+ Kh7 36. Nxf5 Kh8 1-0

[Event "American Cup Elim w"]
[Site "Saint Louis USA"]
[Date "2022.04.25"]
[Round "3.2"]
[White "Tokhirjonova, Gulrukhbegim"]
[Black "Abrahamyan, Tatev"]
[Result "0-1"]
[WhiteTitle "WGM"]
[BlackTitle "WGM"]
[WhiteElo "2335"]
[BlackElo "2311"]
[WhiteFideId "14203626"]
[BlackFideId "13301918"]
[EventDate "2022.04.22"]
[EventType "k.o."]

1. d4 Nf6 2. c4 e6 3. Nc3 Bb4 4. e3 O-O 5. Bd3 c5 6. Ne2 d5 7. cxd5 cxd4 8. exd4
Nxd5 9. O-O Nc6 10. a3 Bd6 11. Re1 Qh4 12. g3 Qh5 13. Nxd5 exd5 14. Bf4 Rd8 15.
Qd2 Bg4 16. Bxd6 Rxd6 17. Nf4 Qh6 18. Bb5 g5 19. Ng2 Bf3 20. Re3 Qf6 21. Bxc6
Rxc6 22. Rae1 Rac8 23. Re5 h6 24. Ne3 Be4 25. Nxd5 Bxd5 26. Rxd5 Rc2 27. Qe3
Rxb2 28. Rf1 Kg7 29. Re5 Rcc2 30. d5 Rd2 31. h3 b5 32. Kg2 a5 33. h4 gxh4 34.
Re4 h3+ 35. Kxh3 Rxd5 36. Kg2 Rf5 37. Rg4+ Rg5 38. Rf4 Rf5 39. Rxf5 Qxf5 40.
Qc3+ Qf6 41. Qxa5 Qc6+ 42. Kg1 Qf6 43. Qa7 Rb3 44. Qc5 Qg5 45. Re1 Qxc5 0-1

[Event "American Cup Elim w"]
[Site "Saint Louis USA"]
[Date "2022.04.26"]
[Round "4.1"]
[White "Lee, Alice"]
[Black "Abrahamyan, Tatev"]
[Result "1-0"]
[WhiteTitle "FM"]
[BlackTitle "WGM"]
[WhiteElo "2334"]
[BlackElo "2311"]
[WhiteFideId "30941822"]
[BlackFideId "13301918"]
[EventDate "2022.04.22"]
[EventType "k.o."]

1. d4 Nf6 2. c4 e6 3. Nf3 d5 4. Nc3 dxc4 5. e4 b5 6. e5 Nd5 7. Nxb5 Nb6 8. Be2
Be7 9. O-O Nc6 10. Be3 O-O 11. Qc1 Rb8 12. Nc3 Nb4 13. Nd2 Ba6 14. a3 Nc6 15.
Nf3 Na5 16. Qc2 Bb7 17. Rad1 h6 18. Nd2 Qd7 19. Rfe1 Rfd8 20. Nde4 Nd5 21. Nxd5
Bxd5 22. Nc3 Bc6 23. Bg4 Qe8 24. f4 g6 25. Be2 Ba8 26. f5 exf5 27. Bxh6 Nb3 28.
Bxc4 Nxd4 29. Qf2 Ne6 30. Be3 c5 31. Rxd8 Rxd8 32. Bxe6 fxe6 33. Bxc5 Bxc5 34.
Qxc5 Qd7 35. Rd1 Qe8 36. Rd6 Rb8 37. Qc7 Qf8 38. Rxe6 Rxb2 39. Rxg6+ Kh8 40. e6
Rb7 41. e7 1-0

[Event "American Cup Elim w"]
[Site "Saint Louis USA"]
[Date "2022.04.26"]
[Round "4.2"]
[White "Abrahamyan, Tatev"]
[Black "Lee, Alice"]
[Result "1-0"]
[WhiteTitle "WGM"]
[BlackTitle "FM"]
[WhiteElo "2311"]
[BlackElo "2334"]
[WhiteFideId "13301918"]
[BlackFideId "30941822"]
[EventDate "2022.04.22"]
[EventType "k.o."]

1. Nf3 d5 2. c4 e6 3. e3 Nf6 4. b3 a6 5. Bb2 Nbd7 6. Be2 b6 7. cxd5 Nxd5 8. O-O
Bb7 9. d4 Be7 10. Nbd2 O-O 11. Rc1 c5 12. Nc4 Rc8 13. Nce5 cxd4 14. Bxd4 Nxe5
15. Nxe5 Bd6 16. Bf3 b5 17. Nd3 Rxc1 18. Qxc1 Qb8 19. h3 Nb4 20. Nxb4 Bxb4 21.
Qb2 f6 22. Bg4 e5 23. Be6+ Kh8 24. Bc3 Bxc3 25. Qxc3 Qa8 26. f3 Bc8 27. Bxc8
Rxc8 28. Qb4 Qa7 29. Qe4 Qd7 30. Rf2 h6 31. Kh2 Qd6 32. f4 exf4 33. exf4 Qd7 34.
Re2 Qd6 35. Qf5 Rf8 36. Re6 Qa3 37. Qc2 Qb4 38. Qf2 a5 39. Qe3 a4 40. Re4 Qa5
41. Qc5 Qa8 42. Rb4 axb3 43. axb3 Re8 44. Qxb5 Kh7 45. Qd3+ Kh8 46. Rd4 Qb8 47.
b4 Qc7 48. b5 Rb8 49. Rd6 f5 50. Qd4 Qf7 51. b6 Kh7 52. Rd7 Qg6 53. b7 h5 54.
Qe5 h4 55. Re7 Rd8 56. Qe1 Qh6 57. Qe3 Qc6 58. Rxg7+ Kxg7 59. Qe7+ Kg6 60. Qxd8
Qxb7 61. Qxh4 Qe4 62. Qg5+ Kh7 63. h4 Qe6 64. h5 Kh8 65. h6 Qf7 66. Kh3 Qa7 67.
Qxf5 Qe3+ 68. g3 Kg8 69. Qg6+ Kf8 70. Qf6+ Ke8 71. Qe5+ 1-0

[Event "American Cup Elim w"]
[Site "Saint Louis USA"]
[Date "2022.04.26"]
[Round "4.3"]
[White "Abrahamyan, Tatev"]
[Black "Lee, Alice"]
[Result "1-0"]
[WhiteTitle "WGM"]
[BlackTitle "FM"]
[WhiteElo "2311"]
[BlackElo "2334"]
[WhiteFideId "13301918"]
[BlackFideId "30941822"]
[EventDate "2022.04.22"]
[EventType "k.o."]

1. Nf3 d5 2. c4 e6 3. e3 Nf6 4. b3 a6 5. Bb2 b6 6. g3 Bb7 7. Bg2 c5 8. cxd5 exd5
9. O-O Be7 10. d4 O-O 11. Nc3 Nbd7 12. dxc5 bxc5 13. Nh4 Nb6 14. Nf5 Rc8 15. Rc1
Qd7 16. Nxe7+ Qxe7 17. Ne2 Rfd8 18. Ba3 Nbd7 19. Qc2 Qe5 20. Nf4 Qb8 21. Qb2 Qa7
22. Rfd1 Nf8 23. Qa1 Ne6 24. Bh3 Rc6 25. Nd3 Ne4 26. Bg2 Nf6 27. Bb2 Ne8 28. h4
Rcc8 29. Ne5 Qb6 30. Rc2 f6 31. Nf3 Rc7 32. Rcd2 Re7 33. h5 h6 34. Nh4 Red7 35.
Nf5 Nd6 36. Nxh6+ gxh6 37. Bxf6 Rf8 38. Bxd5 Bxd5 39. Rxd5 Qc6 40. Qe5 Rxf6 41.
Qxf6 Ne8 42. Qg6+ Rg7 43. Qxh6 Qc7 44. Qxe6+ Kh7 45. Qxe8 Rxg3+ 46. Kf1 Rg7 47.
Rd7 Qh2 48. Qg6+ 1-0

[Event "American Cup Elim w"]
[Site "Saint Louis USA"]
[Date "2022.04.26"]
[Round "4.4"]
[White "Lee, Alice"]
[Black "Abrahamyan, Tatev"]
[Result "1-0"]
[WhiteTitle "FM"]
[BlackTitle "WGM"]
[WhiteElo "2334"]
[BlackElo "2311"]
[WhiteFideId "30941822"]
[BlackFideId "13301918"]
[EventDate "2022.04.22"]
[EventType "k.o."]

1. d4 e6 2. c4 b6 3. a3 Bb7 4. Nc3 f5 5. d5 Nf6 6. g3 Be7 7. Nf3 O-O 8. Bg2 a5
9. O-O Qc8 10. Nd4 Na6 11. dxe6 Bxg2 12. Nxf5 Qb7 13. Nxe7+ Kh8 14. Re1 dxe6 15.
f3 Bh3 16. Qd4 Bf5 17. e4 c5 18. Qd6 Rad8 19. Qc6 Qxe7 20. exf5 Rd6 21. Qa4 e5
22. Bg5 h6 23. Nd5 Qf7 24. Bxf6 gxf6 25. Rad1 Qh7 26. Qc2 Nb8 27. Qe4 Nc6 28.
Nf4 Rxd1 29. Ng6+ Kg8 30. Rxd1 Rc8 31. Rd6 Nd4 32. Qd5+ Qf7 33. Rd8+ Rxd8 34.
Qxd8+ Kg7 35. Qh8# 1-0

[Event "American Cup Elim w"]
[Site "Saint Louis USA"]
[Date "2022.04.26"]
[Round "4.5"]
[White "Abrahamyan, Tatev"]
[Black "Lee, Alice"]
[Result "0-1"]
[WhiteTitle "WGM"]
[BlackTitle "FM"]
[WhiteElo "2311"]
[BlackElo "2334"]
[WhiteFideId "13301918"]
[BlackFideId "30941822"]
[EventDate "2022.04.22"]
[EventType "k.o."]

1. Nf3 d5 2. c4 e6 3. e3 dxc4 4. Bxc4 Nf6 5. d4 a6 6. O-O c5 7. Be2 Nbd7 8. Nc3
b6 9. Ne5 Bb7 10. Bf3 Bxf3 11. Qxf3 cxd4 12. exd4 Nxe5 13. dxe5 Nd7 14. Bf4 Be7
15. Rfd1 O-O 16. Ne4 Kh8 17. Rd3 Qc7 18. Rc1 Qb7 19. Qe2 Nc5 20. Nxc5 Bxc5 21.
Rh3 Rad8 22. Qc2 g6 23. a3 Rd4 24. Bg5 Rg4 25. Bf6+ Kg8 26. Rg3 Rxg3 27. hxg3
Rc8 28. b4 Bxf2+ 29. Qxf2 Rxc1+ 30. Kh2 Qb8 31. Qd2 Rc6 32. Qd3 b5 33. Qd2 Qf8
34. Qd7 Rc8 35. Qd2 Rc4 36. Qe3 Rc6 37. g4 Rc4 38. g5 Rh4+ 39. Kg3 Rc4 40. Qa7
Qc8 41. Kh3 Rc3+ 42. Kh2 Rxa3 43. Qb6 Ra4 44. Qd6 Qf8 45. Be7 Qe8 46. Qc5 Ra2
47. Qa7 Qc8 48. Bf6 Qf8 49. Qb7 Ra4 50. Be7 Qe8 51. Bd6 Ra2 52. Kh3 Ra3+ 53. Kh2
Ra2 54. Kg3 Ra3+ 55. Kf2 Ra2+ 56. Ke3 Ra3+ 57. Kd4 Rg3 58. Kc5 Rxg5 59. Kb6 h5
60. Qxa6 Rxg2 61. Qb7 Rg4 62. Qc6 Qxc6+ 63. Kxc6 h4 64. Kxb5 h3 0-1